Les voiliers célèbres au fil du temps - Statistiques

Statistiques générales
  • Ce quiz a été pris 22 fois
    17 depuis la dernière actualisation
  • Le résultat moyen est 7 sur 23
Statistiques - réponses
Hint Réponse % Correct
Caravelles qui ont traversé l'Atlantique avec Christophe Colomb en 1492 (citez-en une) Nina | Pinta | Santa Maria
100%
Le navigateur Eric Tabarly a donné ce nom à ses bateaux successifs Pen Duick
73%
Navire école classé aux Monuments Historiques depuis 1984, transporte la flamme olympique en 2024 Belem
67%
Navire célèbre pour la mutinerie qui a eu lieu à son bord en 1789. HMS Bounty | Bounty
67%
Navire de guerre français en service de 1779 à 1793. Sa réplique est visible à Rochefort Hermione
60%
Vaisseau marchand anglais qui a transporté en 1620 les Pères pèlerins vers les Etats-Unis Mayflower
60%
Bateau du navigateur Alain Colas, disparu avec lui en mer. A inspiré une chanson. Manureva
47%
Navire de l'amiral Nelson lors de la bataille de Trafalgar, plus ancien navire de guerre préservé au monde, mais il est en cale sèche HMS Victory | Victory
40%
Frégate française rendue célèbre par son naufrage le 2 juillet 1816 au large de la Mauritanie La Méduse | Méduse
33%
Navires de l'amiral La Pérouse lors de son voyage d'exploration en 1785. (citez-en un) La Boussole | L'Astrolabe | Boussole | Astrolabe
27%
Frégate de 60 canons qui s'est rendue en 1840 à Sainte-Hélène afin de rapporter en France les cendres de Napoléon 1er La Belle Poule | Belle Poule
20%
1er vainqueur d'une course à la voile dont la 1ère édition a eu lieu en 1851 America
13%
Clipper construit en 1869 pour le commerce du thé, il est exposé à Londres Cutty Sark
13%
Voilier construit en Suède sur ordre du roi Gustave II, il coule le jour même de son inauguration le 10 août 1628 Vasa
13%
Navire école de la marine italienne lancée en 1931 toujours en activité, transporte la flamme olympique en 1960 Amerigo Vespucci
7%
Navire amiral de la flotte de Francis Drake . Effectue le 2e tour du monde de 1577 à 1580 Golden Hind
7%
Plusieurs navire d'exploration polaire, dirigés par le commandant Charcot, ont porté ce nom. Pourquoi-pas ?
7%
Bateau du pirate Barbe Noire, son nom est évocateur de son rôle Queen Ann's Revenge | Revenge
7%
Navire de guerre lancé en 1670 à Brest. Il est détruit pendant la bataille de La Hougue en 1692 Soleil royal
7%
Frégate baptisé par le président George Washington lancée en 1797. Plus vieux navire de guerre encore à flot USS Constitution | Constitution
7%
Ancien navire école allemand, restauré, il est devenu un bateau-musée à Dunkerque Duchesse Anne
0%
Brigantin sur lequel a embarqué Charles Darwin pour son voyage d'exploration HMS Beagle | Beagle
0%
Trois-mâts utilisé par James Cook lors de son premier voyage entre 1768 et 1771 HMS Endeavour | Endeavour
0%
Aucun quiz correspondant
Distribution des résultats
% des personnes avec chaque résultat
Percentile par nombre de réponses
Votre historique - résultats
Vous n’avez pas pris ce quiz depuis la dernière actualisation